00531nam a2200193 a 4500001001300000003000900013005001700022008004100039020001000080082001700090100002700107245006000134260004700194300000800241500003500249505001000284650001600294700002700310nice12345678IN_TiNIC20260116012201.0050524s1947 hyda grp 000 0 urd  ac10000a297.297bGHA aGhani, Syed Salahuddin aNurun-Mubinb a Reply to Chapter 14 of Satyarth Prakash aHyderabadbMatbua Maktaba Ibrahimiyac1947 a64p aincludes index and biblioraphy2 aIndex aApologetics1 aGhani, Syed Salahuddin